000
00321nam a2200133Ia 4500
008
210210b1961 xxu||||| |||| 00| 0 eng d
041
_a
eng
082
_a
534/14
100
_a
BROWN (Clement)
245
_a
Sound recording works like this
260
_a
London
_b
Phoenix House
_c
1961
690
_a
Sound
906
_a
008502
999
_c
126436
_d
126436